000 00462nam a2200169Ia 4500
008 220216s9999 xx 000 0 und d
100 _a
_Van Raepenbusch P
245 0 _aOn the depending of tire performance and the degree of mixing
260 _bKautschuk Gummi Kunststoffe
_c2003
300 _a110-113
650 _aMixing
650 _aSilica viscoelasticity
650 _aTire performance
700 _aNichetti D
700 _aPessina R
942 _cJS
999 _c64360
_d64360